Evangelization and religious freedom : (Record no. 118459)
[ view plain ]
| 000 -LEADER | |
|---|---|
| fixed length control field | 01413cam a22003134a 4500 |
| 001 - CONTROL NUMBER | |
| control field | 15325364 |
| 003 - CONTROL NUMBER IDENTIFIER | |
| control field | ARRUPE |
| 005 - DATE AND TIME OF LATEST TRANSACTION | |
| control field | 20131024130429.0 |
| 008 - FIXED-LENGTH DATA ELEMENTS--GENERAL INFORMATION | |
| fixed length control field | 080611s2009 nyu b 001 0 eng |
| 010 ## - LIBRARY OF CONGRESS CONTROL NUMBER | |
| LC control number | 2008025905 |
| 020 ## - INTERNATIONAL STANDARD BOOK NUMBER | |
| International Standard Book Number | 9780809142026 (alk. paper) |
| 040 ## - CATALOGING SOURCE | |
| Original cataloging agency | DLC |
| Transcribing agency | DLC |
| Modifying agency | DLC |
| 050 00 - LIBRARY OF CONGRESS CALL NUMBER | |
| Classification number | BX830 1962 .A45 |
| Item number | A572 2009 |
| 300 ## - PHYSICAL DESCRIPTION | |
| Dimensions | 23 cm. |
| 100 1# - MAIN ENTRY--PERSONAL NAME | |
| Personal name | Bevans, Stephen B., |
| Dates associated with a name | 1944- |
| 9 (RLIN) | 2986 |
| 245 10 - TITLE STATEMENT | |
| Title | Evangelization and religious freedom : |
| Remainder of title | Ad gentes, Dignitatis humanae / |
| Statement of responsibility, etc | Stephen B. Bevans and Jeffrey Gros. |
| 260 ## - PUBLICATION, DISTRIBUTION, ETC. (IMPRINT) | |
| Place of publication, distribution, etc | New York : |
| Name of publisher, distributor, etc | Paulist Press, |
| Date of publication, distribution, etc | c2009. |
| 300 ## - PHYSICAL DESCRIPTION | |
| Extent | xii, 259 p. ; |
| 504 ## - BIBLIOGRAPHY, ETC. NOTE | |
| Bibliography, etc | Includes bibliographical references (p. 235-251) and index. |
| 610 20 - SUBJECT ADDED ENTRY--CORPORATE NAME | |
| Corporate name or jurisdiction name as entry element | Catholic Church |
| General subdivision | Missions. |
| 9 (RLIN) | 2987 |
| 610 20 - SUBJECT ADDED ENTRY--CORPORATE NAME | |
| Corporate name or jurisdiction name as entry element | Catholic Church |
| General subdivision | Doctrines. |
| 9 (RLIN) | 2988 |
| 611 20 - SUBJECT ADDED ENTRY--MEETING NAME | |
| Meeting name or jurisdiction name as entry element | Vatican Council |
| Number of part/section/meeting | (2nd : |
| Date of meeting | 1962-1965 : |
| Location of meeting | Basilica di San Pietro in Vaticano). |
| Title of a work | Decretum de activitate missionali ecclesiae. |
| 9 (RLIN) | 2989 |
| 611 20 - SUBJECT ADDED ENTRY--MEETING NAME | |
| Meeting name or jurisdiction name as entry element | Vatican Council |
| Number of part/section/meeting | (2nd : |
| Date of meeting | 1962-1965 : |
| Location of meeting | Basilica di San Pietro in Vaticano). |
| Title of a work | Declaratio de libertate religiosa. |
| 9 (RLIN) | 2990 |
| 650 #0 - SUBJECT ADDED ENTRY--TOPICAL TERM | |
| Topical term or geographic name as entry element | Freedom of religion. |
| 9 (RLIN) | 2991 |
| 700 1# - ADDED ENTRY--PERSONAL NAME | |
| Personal name | Gros, Jeffrey, |
| Dates associated with a name | 1938- |
| 9 (RLIN) | 2992 |
| 856 41 - ELECTRONIC LOCATION AND ACCESS | |
| Materials specified | Table of contents only |
| Uniform Resource Identifier | <a href="http://www.loc.gov/catdir/toc/ecip0821/2008025905.html">http://www.loc.gov/catdir/toc/ecip0821/2008025905.html</a> |
| 906 ## - LOCAL DATA ELEMENT F, LDF (RLIN) | |
| a | 7 |
| b | cbc |
| c | orignew |
| d | 1 |
| e | ecip |
| f | 20 |
| g | y-gencatlg |
| 942 ## - ADDED ENTRY ELEMENTS (KOHA) | |
| Source of classification or shelving scheme | Library of Congress Classification |
| Koha item type | Monograph ( Printed materials) |
| Withdrawn status | Lost status | Source of classification or shelving scheme | Damaged status | Not for loan | Collection code | Home library | Current library | Shelving location | Date acquired | Total Checkouts | Full call number | Barcode | Date last seen | Date checked out | Price effective from | Koha item type |
|---|---|---|---|---|---|---|---|---|---|---|---|---|---|---|---|---|
| Library of Congress Classification | Main Collection | ARRUPE LIBRARY | ARRUPE LIBRARY | Main Collection | 24/10/2013 | 1 | BX830 1962 .A45 A572 2009 | 46411142 | 22/11/2017 | 30/08/2017 | 24/10/2013 | Monograph ( Printed materials) |